| 000 | 00814nam a2200229Ia 4500 | ||
|---|---|---|---|
| 003 | GCL | ||
| 008 | 140319s9999 xx 000 0 ara d | ||
| 040 |
_aGCL / _cGCL |
||
| 082 | 0 | 4 |
_a398.22 _bف أ |
| 100 | 1 | _aفاضل الربيعى | |
| 245 | 1 | 0 |
_aابطال بلا تاريخ : _bالميثولوجيا الاغريقية والاساطير العربية / _cفاضل الربيعى |
| 250 | _aالاولى | ||
| 260 |
_aسوريا : _bدار الفرقد للطباعة والنشر والتوزيع ، _c2005 |
||
| 300 |
_a286ص ؛ _c21سم |
||
| 650 | 0 | 4 | _aالاساطير العربية |
| 650 | 0 | 4 | _aالادب الشعبى |
| 650 | 0 | 4 | _aالقصص الخرافية |
| 650 | 0 | 4 | _aالاساطير |
| 650 | 0 | 4 | _aالابطال |
| 650 | 0 | 4 | _aالاساطير اليونانية |
| 942 |
_2ddc _cBK |
||
| 999 |
_c8529 _d8529 |
||